000
00236nam a2200097Ia 4500
008
230915s9999 xx 000 0 und d
050
_a
QA303.2.L37.C.3
100
_a
RON LARSON
245
0
_a
CALCULUS 1: WITH PRECALCULUS
942
_c
BK
999
_c
188302
_d
188302